[Event "AUTO-ELITE-1479"]
[Site "http://www.queenalice.com/game.php?id=1352085"]
[Date "2015.4.6"]
[Round "1"]
[White "ichtus"]
[Black "straightbat"]
[Result "0-1"]
[WhiteElo "2351"]
[BlackElo "2369"]

1. d4 e6 2. Nf3 f5 3. Bg5 Nf6 4. Nbd2 d5 5. e3 Bd6 6. Bd3 O-O 7. O-O Nbd7 8. c4
h6 9. cxd5 hxg5 10. dxe6 Nb6 11. Bxf5 Nfd5 12. Bg4 Qe7 13. e4 Nf6 14. Bf5 Bf4
15. Ne5 Re8 16. Bg6 Bxe6 17. Bxe8 Qxe8 18. Re1 Rd8 19. Ndf3 g4 20. g3 gxf3 21.
gxf4 Nc4 22. Qxf3 Rxd4 23. Nxc4 Bxc4 24. Rac1 c6 25. Qg2 Qd8 26. b3 Bf7 27. a3
Qa5 28. e5 Nd5 29. f5 Nf4 30. Qg3 Qxa3 31. Rb1 Bh5 32. f6 Ne2+ 33. Rxe2 Rg4 34.
Re3 Rxg3+ 35. Rxg3 Qa5 36. Rxg7+ Kh8 37. Rg5 Bf7 38. b4 Qd5 39. Re1 Qd2 40. Re3
Qd1+ 41. Kg2 Bd5+ 0-1

[Event "AUTO-ELITE-1479"]
[Site "http://www.queenalice.com/game.php?id=1352086"]
[Date "2015.4.6"]
[Round "1"]
[White "straightbat"]
[Black "ichtus"]
[Result "1-0"]
[WhiteElo "2380"]
[BlackElo "2349"]

1. c4 Nf6 2. g3 g6 3. Bg2 Bg7 4. Nf3 O-O 5. O-O c5 6. d4 cxd4 7. Nxd4 Nc6 8. Nc3
Qb6 9. Nc2 d6 10. b3 Bd7 11. Nd5 Nxd5 12. cxd5 Nd8 13. Be3 Qa6 14. Bd4 Bxd4 15.
Qxd4 Qxe2 16. Ne3 Qa6 17. Rfc1 Rc8 18. Rxc8 Bxc8 19. Qc3 b6 20. Bf1 Qb7 21. Rc1
Bf5 22. Qc4 Bd7 23. Qc7 a5 24. Ba6 Qxa6 25. Qxd7 f5 26. Qxe7 Nf7 27. Rc4 Qb5 28.
Kg2 Re8 29. Qb7 Nd8 30. Qc7 Nf7 31. Qc6 Qxc6 32. dxc6 Ne5 33. Rc3 Rc8 34. c7 Kf7
35. Nd5 Nd7 36. Re3 1-0

[Event "AUTO-ELITE-1479"]
[Site "http://www.queenalice.com/game.php?id=1352091"]
[Date "2015.4.6"]
[Round "1"]
[White "tucot"]
[Black "straightbat"]
[Result "0-1"]
[WhiteElo "2303"]
[BlackElo "2317"]

1. e4 e6 2. d3 d5 3. Nf3 dxe4 4. dxe4 Qxd1+ 5. Kxd1 Nf6 6. Bd3 Bc5 7. Ke2 Nc6 8.
c3 Ng4 9. Rf1 Nce5 10. Nxe5 Nxe5 11. Bb5+ c6 12. Ba4 b6 13. Nd2 Ba6+ 14. c4
O-O-O 0-1

[Event "AUTO-ELITE-1479"]
[Site "http://www.queenalice.com/game.php?id=1352092"]
[Date "2015.4.6"]
[Round "1"]
[White "straightbat"]
[Black "tucot"]
[Result "1-0"]
[WhiteElo "2329"]
[BlackElo "2301"]

1. c4 e6 2. g3 d5 3. Bg2 c6 4. Nf3 f5 5. O-O Nd7 6. cxd5 exd5 7. Nc3 Ndf6 8. d3
d4 9. Nb1 c5 10. e3 dxe3 11. Bxe3 Bd6 12. Nc3 Ne7 13. Qb3 Qb6 14. Nb5 1-0

[Event "AUTO-MASTER-2100"]
[Site "http://www.queenalice.com/game.php?id=1352890"]
[Date "2015.4.10"]
[Round "2"]
[White "straightbat"]
[Black "o3bor52"]
[Result "1/2-1/2"]
[WhiteElo "2423"]
[BlackElo "2033"]

1. c4 c5 2. g3 Nc6 3. Bg2 g6 4. Nc3 Bg7 5. Nf3 e6 6. d3 Nge7 7. Bg5 a6 8. a3 O-O
9. Qd2 Qc7 10. h4 f6 11. Bh6 Rf7 12. h5 g5 13. Bxg7 Rxg7 14. Ne4 Rf7 15. Nxc5 h6
16. Ne4 d5 17. Nc3 d4 18. Ne4 f5 19. Nc5 b6 20. Nb3 e5 21. Rc1 Be6 22. Qc2 Rc8
23. Nbd2 a5 24. b3 Kg7 25. Rb1 Nb8 26. b4 Na6 27. bxa5 bxa5 28. Rb5 Nc5 29. Nb3
Nxb3 30. Qxb3 Nc6 31. O-O Kf6 32. Rb1 Qd6 33. Rb6 Rfc7 34. Qa4 Bd7 35. Qxa5 Re8
36. Ra6 Nxa5 37. Rxd6+ Re6 38. Rbb6 Rc6 39. Rbxc6 Bxc6 40. Rxe6+ Kxe6 41. Nd2
Bxg2 42. Kxg2 g4 43. f3 Kf6 44. fxg4 fxg4 45. Ne4+ Ke6 46. Kf2 Nc6 47. a4 Na5
48. e3 Nb3 49. Ke2 Kf5 50. c5 Na5 51. exd4 exd4 52. Kd2 Ke5 53. Kc2 Ke6 54. Kb2
Ke5 55. Ka3 Nc4+ 56. Kb3 Na5+ 1/2-1/2

[Event "AUTO-MASTER-2100"]
[Site "http://www.queenalice.com/game.php?id=1352891"]
[Date "2015.4.10"]
[Round "2"]
[White "o3bor52"]
[Black "straightbat"]
[Result "0-1"]
[WhiteElo "2019"]
[BlackElo "2422"]

1. Nf3 e6 2. c4 f5 3. e3 Nf6 4. d3 Be7 5. b3 O-O 6. Bb2 d6 7. Be2 Qe8 8. O-O b6
9. Na3 a6 10. Nc2 Bb7 11. Ncd4 Bd8 12. Ng5 Bc8 13. h3 h6 14. Ngf3 c5 15. Nc2 e5
16. e4 f4 17. Nfe1 Qg6 18. Bf3 Bxh3 19. Kh1 Bg4 20. Bxg4 Nxg4 21. Nf3 Qh5+ 22.
Kg1 Nc6 23. Bc3 Rf6 24. Nce1 Be7 25. a3 g5 26. b4 Nd4 27. Bxd4 exd4 28. Qb3 Ne5
29. Nxe5 dxe5 30. f3 Qh4 31. Rf2 h5 32. b5 a5 33. Kf1 g4 34. Qd1 Rg6 35. Rfa2
Kf7 36. Rf2 Qg3 37. Ke2 Bh4 38. Rf1 Qh2 39. Kd2 Bxe1+ 40. Qxe1 gxf3 41. Rxf3
Rxg2+ 42. Kd1 Rg1 43. Rf1 Rag8 44. Rxg1 Rxg1 45. Qxg1 Qxg1+ 0-1

[Event "Master Inv 01"]
[Site "http://www.queenalice.com/game.php?id=1355429"]
[Date "2015.4.24"]
[Round "1"]
[White "straightbat"]
[Black "pony"]
[Result "1-0"]
[WhiteElo "2395"]
[BlackElo "2346"]

1. c4 e5 2. g3 Nf6 3. Bg2 Nc6 4. Nc3 Bb4 5. Nd5 Ba5 6. e3 O-O 7. Ne2 Nxd5 8.
cxd5 Ne7 9. O-O c6 10. d4 d6 11. dxc6 Nxc6 12. Nc3 exd4 13. exd4 Bb6 14. Be3 a6
15. Nd5 Ba7 16. Qd3 Be6 17. Nf4 d5 18. Rac1 Qd7 19. Rfe1 Bf5 20. Qd1 Be4 21. Bh3
Bf5 22. Bxf5 Qxf5 23. Qb3 Nxd4 24. Bxd4 Bxd4 25. Red1 Bf6 26. Nxd5 Rae8 27. Rc4
Be5 28. Qxb7 Kh8 29. Ne3 Qh5 30. Qxa6 Bxb2 31. Rh4 Qf3 32. Rf4 Qa8 33. Qxa8 Rxa8
34. a4 Ra7 35. Nc4 Bf6 36. a5 h6 37. Rf5 Rc8 38. Nb6 Rc2 39. Nd5 Bb2 40. Ne3 Rc8
41. Rb5 Bf6 42. Ng4 Bd8 43. Rdd5 Rca8 44. Ne5 Bxa5 45. Nc6 Bc3 46. Nxa7 Rxa7 47.
Rb8+ Kh7 48. Rc8 Bf6 49. Rdc5 Bd4 50. Rc4 Bb2 51. R8c7 Ra1+ 52. Kg2 f5 53. h4
1-0

[Event "AUTO-MASTER-2197"]
[Site "http://www.queenalice.com/game.php?id=1361243"]
[Date "2015.5.23"]
[Round "2"]
[White "Pagano"]
[Black "straightbat"]
[Result "0-1"]
[WhiteElo "1964"]
[BlackElo "2421"]

1. e4 e6 2. Nc3 d5 3. exd5 exd5 4. d4 c6 5. Nf3 Bd6 6. Bd3 Ne7 7. O-O O-O 8. Bg5
f6 9. Bd2 Qc7 10. Re1 Bf5 11. Bxf5 Nxf5 12. h3 Nd7 13. a4 Rae8 14. Ne2 Ne7 15.
Qc1 Ng6 16. c4 dxc4 17. Qxc4+ Kh8 18. Nc3 Nb6 19. Qd3 Bf4 20. Rac1 Bxd2 21. Nxd2
Nf4 22. Qf3 Rd8 23. Nb5 Qb8 24. Nxa7 Nfd5 25. a5 Qxa7 26. axb6 Qxb6 27. Qb3 Qxd4
28. Nf3 Qa7 29. Ra1 Qb8 30. Ra3 Rfe8 31. Rea1 Re7 32. Nd4 Rde8 33. g3 Qe5 34.
Nf3 Qf5 35. Kg2 h5 36. Ra7 Ne3+ 37. fxe3 Rxe3 0-1

[Event "AUTO-MASTER-2197"]
[Site "http://www.queenalice.com/game.php?id=1361244"]
[Date "2015.5.23"]
[Round "2"]
[White "straightbat"]
[Black "Pagano"]
[Result "1-0"]
[WhiteElo "2391"]
[BlackElo "2122"]

1. c4 Nf6 2. Nc3 c6 3. e4 e5 4. Nf3 d6 5. h3 Be7 6. d4 exd4 7. Nxd4 O-O 8. Be2
Nbd7 9. O-O Re8 10. b3 Nc5 11. Bf3 a5 12. Bf4 Ne6 13. Nxe6 Bxe6 14. Qc2 Rc8 15.
Rad1 d5 16. e5 Nd7 17. cxd5 cxd5 18. Qb2 Nb6 19. Nb5 Rc5 20. Nd6 Bxd6 21. exd6
Qd7 22. Rfe1 Rec8 23. Qe5 Rc2 24. Be3 R8c6 25. Bd4 1-0

[Event "AUTO-MASTER-2197"]
[Site "http://www.queenalice.com/game.php?id=1361245"]
[Date "2015.5.23"]
[Round "2"]
[White "nnetto"]
[Black "straightbat"]
[Result "1/2-1/2"]
[WhiteElo "2386"]
[BlackElo "2416"]

1. e4 e6 2. d4 d5 3. Nc3 Bb4 4. e5 c5 5. a3 Bxc3+ 6. bxc3 Ne7 7. Qg4 Qc7 8. Qxg7
Rg8 9. Qxh7 cxd4 10. Ne2 Nbc6 11. f4 dxc3 12. h4 Bd7 13. h5 O-O-O 14. Qd3 Nf5
15. Qxc3 Qb6 16. Bd2 d4 17. Qc4 Kb8 18. h6 Rg6 19. h7 Rh8 20. c3 Rg7 21. cxd4
Rgxh7 22. Rxh7 Rxh7 23. Qc5 Qd8 24. O-O-O Qg8 25. Kb2 Nce7 26. Nc3 Bc6 27. Rc1
Qd8 28. d5 Nxd5 29. Nxd5 Bxd5 30. Bd3 Rh2 31. Bxf5 Rxg2 32. Qd4 exf5 33. Rc5
Qb6+ 34. Kc1 Be4 35. Qd6+ Qxd6 36. exd6 b6 37. Rc4 Rg1+ 38. Kb2 Rb1+ 39. Kc3 Rh1
40. Rd4 Rh8 41. Kc4 Kc8 42. a4 Bc6 43. a5 Rh3 44. Bb4 Kd7 45. axb6 axb6 46. Bc3
f6 47. Bb4 Re3 48. Bc3 Re4 49. Bb4 Bb5+ 50. Kc3 Rxd4 51. Kxd4 Ke6 1/2-1/2

[Event "AUTO-MASTER-2197"]
[Site "http://www.queenalice.com/game.php?id=1361246"]
[Date "2015.5.23"]
[Round "2"]
[White "straightbat"]
[Black "nnetto"]
[Result "1-0"]
[WhiteElo "2404"]
[BlackElo "2342"]

1. c4 Nf6 2. g3 g6 3. Bg2 Bg7 4. Nc3 O-O 5. Nf3 c6 6. O-O e5 7. Nxe5 d6 8. Nf3
Re8 9. d4 Na6 10. a3 Qb6 11. e3 Bf5 12. Nh4 Be6 13. b3 d5 14. c5 Qd8 15. Qe2 g5
16. Nf3 1-0

[Event "AUTO-ELITE-1479"]
[Site "http://www.queenalice.com/game.php?id=1371867"]
[Date "2015.7.17"]
[Round "2"]
[White "straightbat"]
[Black "janeil"]
[Result "1/2-1/2"]
[WhiteElo "2415"]
[BlackElo "2582"]

1. c4 Nf6 2. g3 e6 3. Bg2 Be7 4. Nf3 O-O 5. O-O d5 6. Qc2 c5 7. d4 cxd4 8. Nxd4
Qb6 9. Rd1 Nc6 10. Nxc6 bxc6 11. Be3 Qd8 12. cxd5 cxd5 13. Nc3 Bb7 14. Rac1 Qd7
15. Na4 Rfc8 16. Nc5 Qe8 17. Qd2 Rab8 18. Nxb7 Rxb7 19. a3 Rbc7 20. b4 Nd7 21.
Rxc7 Rxc7 22. Rc1 Qc8 23. Rxc7 Qxc7 24. Qd1 Nb6 25. Bd4 Bf6 26. Bxf6 gxf6 27. e4
dxe4 28. Bxe4 f5 29. Bf3 Qc3 30. Qd8+ Kg7 31. Qg5+ 1/2-1/2

[Event "AUTO-ELITE-1479"]
[Site "http://www.queenalice.com/game.php?id=1371868"]
[Date "2015.7.17"]
[Round "2"]
[White "janeil"]
[Black "straightbat"]
[Result "1/2-1/2"]
[WhiteElo "2622"]
[BlackElo "2442"]

1. c4 e6 2. g3 f5 3. d4 Nf6 4. Bg2 c6 5. Nf3 d5 6. Qc2 Bd6 7. Nc3 O-O 8. O-O Qe8
9. Rb1 b5 10. b3 Bb7 11. Ne5 Nbd7 12. Bf4 b4 13. Na4 Qe7 14. Nd3 Bxf4 15. Nxf4
Ne4 16. Nd3 a5 17. e3 Ba6 18. Rfe1 Rad8 19. f3 dxc4 20. bxc4 Nd6 21. Nab2 e5 22.
c5 Nb5 23. Nc4 exd4 24. Nxa5 Na3 25. Qb3+ Qf7 26. Nxb4 Nxb1 27. Qxb1 Nxc5 28.
Nxa6 Nxa6 29. Nxc6 Rd6 30. Nxd4 f4 31. gxf4 Rb8 32. Qc1 Qxa2 33. f5 Kh8 34. Bf1
Qa5 35. Re2 Nb4 36. Qc3 Rd7 37. Rc2 Qa8 38. Rb2 Nd5 39. Qc6 Rdb7 40. Rxb7 Qxb7
41. e4 Qe7 42. Qxd5 Rd8 43. Qc4 Qa7 44. Kg2 Qxd4 1/2-1/2

[Event "AUTO-ELITE-1602"]
[Site "http://www.queenalice.com/game.php?id=1400823"]
[Date "2015.12.27"]
[Round "1"]
[White "straightbat"]
[Black "HakunaMatata"]
[Result "1-0"]
[WhiteElo "2429"]
[BlackElo "2215"]

1. c4 e5 2. Nc3 Nc6 3. Nf3 g6 4. d4 exd4 5. Nxd4 Bg7 6. Nxc6 bxc6 7. g3 Ne7 8.
Bg2 O-O 9. O-O Bb7 10. Qc2 d5 11. Na4 Qd6 12. Bf4 Be5 13. Bxe5 Qxe5 14. Nc5 Bc8
15. cxd5 cxd5 16. Rac1 c6 17. Rfe1 Rb8 18. b4 Qd6 19. Qa4 Be6 20. a3 Rfc8 21. e4
Ra8 22. Qc2 Rc7 23. Qb2 Rac8 24. Rcd1 Re8 25. exd5 cxd5 26. Ne4 Qb6 27. Nf6+ Kf8
28. Nxh7+ Kg8 29. Nf6+ Kf8 30. Bxd5 Rec8 31. Bxe6 fxe6 32. Nd7+ Rxd7 33. Rxd7
Ke8 34. Red1 Kf7 35. Rxe7+ Kxe7 36. Qg7+ Ke8 37. Qg8+ 1-0

[Event "AUTO-ELITE-1602"]
[Site "http://www.queenalice.com/game.php?id=1400824"]
[Date "2015.12.27"]
[Round "1"]
[White "HakunaMatata"]
[Black "straightbat"]
[Result "0-1"]
[WhiteElo "2209"]
[BlackElo "2433"]

1. d4 e6 2. Nf3 f5 3. g3 Nf6 4. Bg2 d5 5. O-O Bd6 6. c4 c6 7. Nc3 O-O 8. Qc2 Ne4
9. c5 Bc7 10. b4 a5 11. b5 Nxc3 12. b6 Bxb6 13. cxb6 Ne4 14. Ba3 Re8 15. Bc5 Nd7
16. Rab1 e5 17. e3 Ndxc5 18. dxc5 Qe7 19. Rfc1 Bd7 20. a4 f4 21. exf4 exf4 22.
Nd4 Qf6 23. Rd1 Bf5 24. Nxf5 Qxf5 25. Bxe4 Rxe4 26. Rbc1 f3 27. Qb3 Rf8 28. Rc3
Rf6 29. h4 Rb4 30. Qa3 Rxh4 31. Rxf3 Qh3 32. gxh4 Rxf3 33. Qb2 Qg4+ 34. Kf1 Rh3
35. Ke1 Rh1+ 36. Kd2 Qxd1+ 0-1

[Event "AUTO-ELITE-1602"]
[Site "http://www.queenalice.com/game.php?id=1400826"]
[Date "2015.12.27"]
[Round "1"]
[White "Trex"]
[Black "straightbat"]
[Result "1/2-1/2"]
[WhiteElo "2412"]
[BlackElo "2438"]

1. Nf3 e6 2. c4 f5 3. g3 Nf6 4. Bg2 Be7 5. O-O O-O 6. b3 Qe8 7. Bb2 d6 8. Nc3 e5
9. d3 c6 10. c5 d5 11. Nxe5 Bxc5 12. d4 Bd6 13. Na4 Nbd7 14. f4 Ne4 15. Qc2 Qe7
16. Rac1 Ndf6 17. Nc5 Nxc5 18. dxc5 Bc7 19. Rf3 Ng4 20. Nxg4 fxg4 21. Rd3 Bf5
22. e4 dxe4 23. Re3 Rae8 24. Rce1 Qf7 25. Bxe4 Rxe4 26. Rxe4 Bxe4 27. Rxe4 Re8
28. Rxe8+ Qxe8 29. Qc3 Qd7 30. Kf2 Bd8 31. Qd4 Qxd4+ 32. Bxd4 Kf7 33. Ke3 g6 34.
Ke4 Ke6 35. Be3 Bf6 36. Bd2 Bb2 37. Be3 Bf6 38. Bd2 Bb2 39. Be3 Bf6 1/2-1/2